000 00736nam a22002177a 4500
005 20130612151040.0
010 _aENG-104353
020 _a9788178796697
_c595.00
035 _aEN -87886
035 _aB-519582
037 _bDBAD/PUB
037 _bMallika Books/Ven
082 _a799.21303
100 _aSekhon, Baljit Singh
245 _aDictionary of shooting sports /
_cby Baljit Singh Sekhon
260 _aNew Delhi
_bSports Publication
_c2011
270 _a7/26, Ground Floor, Ansari Road,Darya Ganj,
_bNew Delhi
_e110002
300 _a214p.
_c23cm(Hb)
942 _2ddc
_cEN
_mSEK
_h799.21303
999 _c59489
_d59489